[Event "Dzerzhinsk Vavilov Memorial 6th"]
[Site "Dzerzhinsk"]
[Date "2014.03.28"]
[Round "3"]
[White "Arzhenkov, Gennady"]
[Black "Shulgin, Nikolai"]
[Result "1/2-1/2"]
[WhiteElo "2344"]
[BlackElo "1956"]
[PlyCount "65"]
[EventDate "2014.03.26"]
[EventType "swiss"]
[EventRounds "9"]
[EventCountry "RUS"]
[SourceTitle "EXT 2016"]
[Source "ChessBase"]
[SourceDate "2015.10.08"]
[SourceVersion "1"]
[SourceVersionDate "2015.10.08"]
[SourceQuality "1"]

1. d4 d5 2. c4 c6 3. Nc3 Nf6 4. Nf3 e6 5. e3 Bd6 6. Bd3 Nbd7 7. 0-0 0-0 8. e4 dxc4 9. Bxc4 e5 10. Bg5 h6 11. Be3 Qc7 12. h3 b5 13. Bd3 exd4 14. Nxd4 b4 15. Na4 Bh2+ 16. Kh1 Bf4 17. Bxf4 Qxf4 18. Rc1 Re8 19. Nxc6 Bb7 20. Bb1 Ne5 21. Nxe5 Qxe5 22. Rc5 Qf4 23. f3 Rad8 24. Qc1 Qg3 25. b3 Ba6 26. Rd1 Rxd1+ 27. Qxd1 Bc8 28. Qe2 Bxh3 29. gxh3 Qxh3+ 30. Kg1 Qg3+ 31. Kh1 Qh3+ 32. Kg1 Qg3+ 33. Kh1 1/2-1/2

[Event "RUS-ch Seniors"]
[Site "Odintsovo"]
[Date "2011.04.25"]
[Round "7"]
[White "Arzhenkov, Gennady"]
[Black "Shvedchikov, Anatoli I"]
[Result "0-1"]
[WhiteElo "2344"]
[BlackElo "2419"]
[PlyCount "96"]
[EventDate "2011.04.19"]
[EventType "swiss"]
[EventRounds "9"]
[EventCountry "RUS"]
[SourceTitle "CBM 142 Extra"]
[Source "ChessBase"]
[SourceDate "2011.06.27"]
[SourceVersion "1"]
[SourceVersionDate "2011.06.27"]
[SourceQuality "1"]

1. c4 c6 2. Nf3 Nf6 3. g3 d5 4. cxd5 cxd5 5. Bg2 Nc6 6. 0-0 g6 7. d3 Bg7 8. a3 0-0 9. b4 Ne8 10. Ra2 Nc7 11. Bb2 e5 12. Nc3 Be6 13. Ra1 d4 14. Ne4 Bd5 15. Bc1 a5 16. Rb1 axb4 17. axb4 Nb5 18. Bg5 f6 19. Bd2 f5 20. Nc5 b6 21. Na4 Ra6 22. Ra1 Re8 23. Qc2 Qd6 24. Nb2 Rxa1 25. Rxa1 Nc3 26. Bxc3 dxc3 27. Nc4 Bxc4 28. dxc4 e4 29. c5 Qd5 30. cxb6 exf3 31. Bxf3 Qb5 32. Qb3+ Kf8 33. Ra7 Nxa7 34. bxa7 Qa6 35. a8Q Rxa8 36. Bxa8 Qxa8 37. b5 Qa1+ 38. Kg2 Qb2 39. Qc4 Bf6 40. Qc8+ Kg7 41. Qc7+ Kh6 42. h4 Qxb5 43. Qf4+ Kg7 44. Qc7+ Kf8 45. Qxh7 Qc6+ 46. f3 c2 47. h5 Bg7 48. h6 Bd4 0-1

[Event "RUS-ch Seniors"]
[Site "Odintsovo"]
[Date "2011.04.20"]
[Round "2"]
[White "Samartsev, Alexander"]
[Black "Arzhenkov, Gennady"]
[Result "0-1"]
[WhiteElo "2256"]
[BlackElo "2344"]
[PlyCount "94"]
[EventDate "2011.04.19"]
[EventType "swiss"]
[EventRounds "9"]
[EventCountry "RUS"]
[SourceTitle "CBM 142 Extra"]
[Source "ChessBase"]
[SourceDate "2011.06.27"]
[SourceVersion "1"]
[SourceVersionDate "2011.06.27"]
[SourceQuality "1"]

1. d4 c5 2. d5 e6 3. c4 exd5 4. cxd5 Nf6 5. Nc3 a6 6. a4 g6 7. g3 d6 8. Bg2 Bg7 9. Nf3 0-0 10. 0-0 Re8 11. Re1 Qc7 12. e4 Bg4 13. Qc2 Bxf3 14. Bxf3 Nbd7 15. h3 c4 16. Be3 Nc5 17. Rad1 Rac8 18. Re2 Qd7 19. Kh2 b5 20. axb5 axb5 21. Bd4 Nb3 22. Bxf6 Bxf6 23. Bg4 Qb7 24. Bxc8 Rxc8 25. Re3 Nd4 26. Qd2 b4 27. Ne2 Nb3 28. Qc2 Na5 29. f4 c3 30. bxc3 b3 31. Qb1 Nc4 32. Red3 b2 33. Qa2 Ra8 34. Qxc4 b1Q 35. Rxb1 Qxb1 36. Kg2 Ra1 37. Kf2 Qf1+ 38. Ke3 Qxh3 39. e5 dxe5 40. d6 exf4+ 41. Qxf4 Rf1 42. Qxf6 Rxf6 43. d7 Qh6+ 44. Nf4 Re6+ 45. Kf3 Qh1+ 46. Kg4 f5+ 47. Kg5 h6# 0-1

[Event "RUS-ch Seniors"]
[Site "Lesnoj Gorodok"]
[Date "2009.10.03"]
[Round "1"]
[White "Bondar, Anatoly T"]
[Black "Arzhenkov, Gennady"]
[Result "1/2-1/2"]
[WhiteElo "2147"]
[BlackElo "2370"]
[PlyCount "73"]
[EventDate "2009.10.03"]
[EventType "swiss"]
[EventRounds "9"]
[EventCountry "RUS"]
[SourceTitle "CBM 132 Extra"]
[Source "ChessBase"]
[SourceDate "2009.11.03"]
[SourceVersion "1"]
[SourceVersionDate "2009.11.03"]
[SourceQuality "1"]

1. e4 c5 2. Nc3 g6 3. g3 Bg7 4. Bg2 Nc6 5. d3 Nf6 6. f4 0-0 7. Nf3 Rb8 8. 0-0 b5 9. Be3 d6 10. h3 Nh5 11. g4 Nf6 12. Qd2 b4 13. Ne2 Ne8 14. c3 bxc3 15. bxc3 Qa5 16. f5 Qa3 17. Rab1 Rxb1 18. Rxb1 Ba6 19. Rb3 Qa5 20. c4 Qc7 21. Nf4 Qd7 22. Ra3 Bc8 23. d4 cxd4 24. Nxd4 Ne5 25. Qc2 a6 26. Nd5 Nf6 27. g5 Nh5 28. c5 Qd8 29. c6 e6 30. c7 Qe8 31. Nb6 exf5 32. exf5 gxf5 33. Nxf5 Qe6 34. Nd4 Qe7 35. Nd5 Qd7 36. Nb6 Qe7 37. Nd5 1/2-1/2

[Event "RUS-ch Seniors"]
[Site "Odintsovo"]
[Date "2008.10.10"]
[Round "8"]
[White "Bojarinov, Victor A"]
[Black "Arzhenkov, Gennady"]
[Result "1-0"]
[WhiteElo "2307"]
[BlackElo "2377"]
[PlyCount "101"]
[EventDate "2008.10.02"]
[EventType "swiss"]
[EventRounds "9"]
[EventCountry "RUS"]
[SourceTitle "CBM 127 Extra"]
[Source "ChessBase"]
[SourceDate "2009.01.08"]
[SourceVersion "2"]
[SourceVersionDate "2009.01.28"]
[SourceQuality "1"]

1. e4 c5 2. Nf3 g6 3. c3 Bg7 4. d4 cxd4 5. cxd4 Nf6 6. Nc3 0-0 7. e5 Ne8 8. Bc4 d6 9. 0-0 Nc6 10. h3 dxe5 11. dxe5 Qxd1 12. Rxd1 Nxe5 13. Nxe5 Bxe5 14. Nd5 Bf6 15. Nxf6+ exf6 16. Bf4 g5 17. Bg3 Be6 18. Be2 Rc8 19. Bf3 b6 20. a4 Ng7 21. Bd6 Rfe8 22. a5 Rc2 23. Be4 Rxb2 24. a6 Bb3 25. Rd4 Re2 26. f3 f5 27. Bd3 R2e3 28. Bb5 Rc8 29. Rd2 Be6 30. Be7 g4 31. hxg4 fxg4 32. Rad1 h5 33. Rd8+ Kh7 34. fxg4 hxg4 35. Rxc8 Bxc8 36. Bf6 Ra3 37. Bd3+ Bf5 38. Bc4 Bc8 39. Bxf7 Rxa6 40. Kf2 g3+ 41. Kxg3 Nf5+ 42. Kf4 Ra4+ 43. Kg5 Rg4+ 44. Kxg4 Ne3+ 45. Kg5 Nxd1 46. Bd4 Bb7 47. g4 b5 48. Kf6 Be4 49. g5 b4 50. g6+ Bxg6 51. Bxg6+ 1-0

[Event "RUS-ch Seniors"]
[Site "Odintsovo"]
[Date "2008.10.03"]
[Round "2"]
[White "Terenin, Leonid"]
[Black "Arzhenkov, Gennady"]
[Result "0-1"]
[WhiteElo "2226"]
[BlackElo "2377"]
[PlyCount "110"]
[EventDate "2008.10.02"]
[EventType "swiss"]
[EventRounds "9"]
[EventCountry "RUS"]
[SourceTitle "CBM 127 Extra"]
[Source "ChessBase"]
[SourceDate "2009.01.08"]
[SourceVersion "2"]
[SourceVersionDate "2009.01.28"]
[SourceQuality "1"]

1. d4 d5 2. Bg5 h6 3. Bh4 Bf5 4. e3 Nd7 5. Bd3 Bxd3 6. Qxd3 Ngf6 7. Bxf6 gxf6 8. Qb5 e6 9. Nf3 Qc8 10. Nbd2 c6 11. Qe2 f5 12. Ne5 Bd6 13. f4 Nf6 14. g4 Rg8 15. gxf5 exf5 16. 0-0-0 Qe6 17. Rhg1 0-0-0 18. Qf2 Ng4 19. Nxg4 fxg4 20. Rde1 f5 21. Nb3 h5 22. Kb1 Be7 23. Nc1 c5 24. Nd3 c4 25. Ne5 b5 26. c3 Rd6 27. Kc2 h4 28. Ra1 Rb6 29. b4 Ra6 30. a4 Rxa4 31. Rxa4 bxa4 32. Ra1 Qa6 33. Qg2 Qb5 34. Kd2 h3 35. Qf1 a5 36. Qb1 axb4 37. Qxf5+ Kc7 38. Rb1 b3 39. Qf7 Re8 40. e4 a3 41. exd5 a2 42. Rg1 b2 43. d6+ Kxd6 44. Nxc4+ Qxc4 45. Qxc4 b1Q 46. Qa6+ Kc7 47. Qa7+ Qb7 48. Qa5+ Kc8 49. Qxa2 Bd6 50. Qc4+ Kd8 51. Rxg4 Qb2+ 52. Kd1 Qb1+ 53. Kd2 Qe1+ 54. Kc2 Re2+ 55. Kb3 Qb1+ 0-1

[Event "RUS-ch 1st League 59th"]
[Site "Tomsk"]
[Date "2006.09.09"]
[Round "7"]
[White "Arzhenkov, Gennady"]
[Black "Karpov, Vadim"]
[Result "0-1"]
[WhiteElo "2371"]
[BlackElo "2411"]
[PlyCount "74"]
[EventDate "2006.09.03"]
[EventType "swiss"]
[EventRounds "9"]
[EventCountry "RUS"]
[SourceTitle "CBM 114 Extra"]
[Source "ChessBase"]
[SourceDate "2006.11.03"]
[SourceVersion "1"]
[SourceVersionDate "2006.11.03"]
[SourceQuality "1"]

1. d4 Nf6 2. c4 e6 3. Nc3 Bb4 4. f3 d5 5. a3 Bxc3+ 6. bxc3 c5 7. e3 0-0 8. cxd5 Nxd5 9. c4 Nb6 10. Bd3 Nc6 11. Ne2 cxd4 12. exd4 e5 13. d5 Na5 14. Qc2 Naxc4 15. Bxh7+ Kh8 16. Bd3 Qxd5 17. 0-0 Bd7 18. Be4 Qc5+ 19. Kh1 Qe7 20. Nc3 Be6 21. a4 a5 22. Qf2 f5 23. Bc2 Rac8 24. Rb1 Rc6 25. Nb5 Rd8 26. Bb3 Rd7 27. Re1 Qf6 28. h3 Rc8 29. Na3 Nxa3 30. Bxa3 Bxb3 31. Rxb3 Nc4 32. Rc1 Rc6 33. Bb2 Rd2 34. Bxe5 Qxe5 35. Qh4+ Rh6 36. f4 Qd5 37. Qg5 Rd1+ 0-1

[Event "RUS-ch 1st League 59th"]
[Site "Tomsk"]
[Date "2006.09.06"]
[Round "4"]
[White "Arzhenkov, Gennady"]
[Black "Shabanov, Yuri"]
[Result "1/2-1/2"]
[WhiteElo "2371"]
[BlackElo "2443"]
[PlyCount "22"]
[EventDate "2006.09.03"]
[EventType "swiss"]
[EventRounds "9"]
[EventCountry "RUS"]
[SourceTitle "CBM 114 Extra"]
[Source "ChessBase"]
[SourceDate "2006.11.03"]
[SourceVersion "1"]
[SourceVersionDate "2006.11.03"]
[SourceQuality "1"]

1. e4 e5 2. Nf3 Nc6 3. Bb5 a6 4. Bxc6 dxc6 5. Nc3 f6 6. d4 exd4 7. Qxd4 Qxd4 8. Nxd4 Bd7 9. Be3 0-0-0 10. f3 Bd6 11. Kf2 Ne7 1/2-1/2

[Event "RUS-ch Seniors"]
[Site "Zvenigorod"]
[Date "2005.12.04"]
[Round "6"]
[White "Arzhenkov, Gennady"]
[Black "Kremenietsky, Anatoly M"]
[Result "1-0"]
[WhiteElo "2329"]
[BlackElo "2399"]
[PlyCount "64"]
[EventDate "2005.11.28"]
[EventType "swiss"]
[EventRounds "7"]
[EventCountry "RUS"]
[SourceTitle "EXT 2007"]
[Source "ChessBase"]
[SourceDate "2006.11.23"]
[SourceVersion "1"]
[SourceVersionDate "2006.11.23"]
[SourceQuality "1"]

1. d4 Nf6 2. c4 d6 3. Nc3 Nbd7 4. e4 e5 5. Nf3 Be7 6. Be2 0-0 7. 0-0 c6 8. h3 a6 9. Qc2 b5 10. Be3 b4 11. Na4 c5 12. dxe5 dxe5 13. Rad1 Qc7 14. Nh2 Bb7 15. f3 Nh5 16. Rxd7 Qxd7 17. Nb6 Qc7 18. Nxa8 Rxa8 19. Rd1 Nf4 20. Nf1 Ne6 21. Bd3 Nd4 22. Qf2 Rd8 23. Bc1 h6 24. Ne3 Bg5 25. Nd5 Bxd5 26. Bxg5 hxg5 27. exd5 g6 28. Re1 Kg7 29. Qg3 f6 30. h4 Re8 31. Qh2 Kg8 32. Kf2 Qh7 1-0

[Event "RUS-ch Seniors"]
[Site "Zvenigorod"]
[Date "2005.12.04"]
[Round "7"]
[White "Arzhenkov, Gennady"]
[Black "Vasiukov, Evgeni"]
[Result "1/2-1/2"]
[WhiteElo "2329"]
[BlackElo "2505"]
[PlyCount "85"]
[EventDate "2005.11.28"]
[EventType "swiss"]
[EventRounds "7"]
[EventCountry "RUS"]
[SourceTitle "EXT 2007"]
[Source "ChessBase"]
[SourceDate "2006.11.23"]
[SourceVersion "1"]
[SourceVersionDate "2006.11.23"]
[SourceQuality "1"]

1. d4 f5 2. g3 Nf6 3. Bg2 g6 4. c4 Bg7 5. Nc3 d6 6. Nf3 0-0 7. 0-0 c6 8. Qc2 Qe8 9. b3 Na6 10. Ba3 Rb8 11. Rad1 Bd7 12. Rfe1 b5 13. Bc1 Nb4 14. Qd2 bxc4 15. bxc4 d5 16. a3 Na6 17. Qc2 Ne4 18. Bf4 Rc8 19. Rb1 c5 20. Ne5 cxd4 21. Nxd5 Ba4 22. Qb2 e6 23. Bxe4 fxe4 24. Qxd4 exd5 25. Rb7 Nc7 26. Rxc7 Rxc7 27. Qxd5+ Kh8 28. Nxg6+ Qxg6 29. Bxc7 e3 30. f3 Re8 31. Ba5 h6 32. Bb4 Be5 33. Kg2 Bc6 34. Qa5 Qg7 35. Qc5 Bb7 36. Qxe3 Rg8 37. Qf2 Bd4 38. e3 Bc3 39. Bxc3 Qxc3 40. e4 Rd8 41. Qe3 Rd2+ 42. Kh3 Bc8+ 43. g4 1/2-1/2

[Event "RUS-ch Seniors"]
[Site "Zvenigorod"]
[Date "2005.12.01"]
[Round "4"]
[White "Arzhenkov, Gennady"]
[Black "Bojarinov, Victor A"]
[Result "1/2-1/2"]
[WhiteElo "2329"]
[BlackElo "2300"]
[PlyCount "22"]
[EventDate "2005.11.28"]
[EventType "swiss"]
[EventRounds "7"]
[EventCountry "RUS"]
[SourceTitle "EXT 2007"]
[Source "ChessBase"]
[SourceDate "2006.11.23"]
[SourceVersion "1"]
[SourceVersionDate "2006.11.23"]
[SourceQuality "1"]

1. e4 e6 2. d4 d5 3. exd5 exd5 4. Bf4 Bd6 5. Bxd6 Qxd6 6. Bd3 Ne7 7. Ne2 Bf5 8. 0-0 Bxd3 9. Qxd3 0-0 10. Nd2 Nd7 11. Ng3 Qg6 1/2-1/2

[Event "RUS-ch Seniors"]
[Site "Zvenigorod"]
[Date "2005.11.30"]
[Round "3"]
[White "Zakharov, Alexander V"]
[Black "Arzhenkov, Gennady"]
[Result "1/2-1/2"]
[WhiteElo "2395"]
[BlackElo "2329"]
[PlyCount "25"]
[EventDate "2005.11.28"]
[EventType "swiss"]
[EventRounds "7"]
[EventCountry "RUS"]
[SourceTitle "EXT 2007"]
[Source "ChessBase"]
[SourceDate "2006.11.23"]
[SourceVersion "1"]
[SourceVersionDate "2006.11.23"]
[SourceQuality "1"]

1. e4 c5 2. Nf3 e6 3. Nc3 a6 4. g3 b5 5. Bg2 Bb7 6. e5 d6 7. 0-0 Nd7 8. exd6 Bxd6 9. d4 Ngf6 10. Bg5 h6 11. dxc5 Bxc5 12. Bxf6 Nxf6 13. Ne5 1/2-1/2

[Event "RUS-Cup"]
[Site "Bor"]
[Date "2000.??.??"]
[Round "7"]
[White "Arzhenkov, Gennady"]
[Black "Hasangatin, Ramil"]
[Result "1/2-1/2"]
[WhiteElo "2249"]
[BlackElo "2458"]
[PlyCount "63"]
[EventDate "2000.06.??"]
[EventType "swiss"]
[EventRounds "9"]
[EventCountry "RUS"]
[SourceTitle "EXT 2001"]
[Source "ChessBase"]
[SourceDate "2000.11.22"]
[SourceVersion "1"]
[SourceVersionDate "2000.11.22"]
[SourceQuality "1"]

1. d4 d5 2. c4 c6 3. Nc3 Nf6 4. Nf3 dxc4 5. a4 Bf5 6. e3 e6 7. Bxc4 Bb4 8. 0-0 0-0 9. Bd2 Nbd7 10. e4 Bg6 11. e5 Nd5 12. Qe2 Be7 13. a5 a6 14. Bd3 Rc8 15. Bxg6 hxg6 16. Qe4 Nb8 17. Qg4 Nxc3 18. bxc3 c5 19. Bg5 Nc6 20. Qh4 f6 21. exf6 gxf6 22. Bh6 Re8 23. Rfe1 Qd5 24. Qh3 Kf7 25. Rad1 Rh8 26. c4 Qf5 27. g4 Rxh6 28. Qxh6 Qxg4+ 29. Kf1 Qxf3 30. Qh7+ Kf8 31. Qh8+ Kf7 32. Qh7+ 1/2-1/2

[Event "RUS-Cup"]
[Site "Bor"]
[Date "2000.??.??"]
[Round "8"]
[White "Sokolov, Alexander"]
[Black "Arzhenkov, Gennady"]
[Result "1-0"]
[WhiteElo "2418"]
[BlackElo "2249"]
[PlyCount "57"]
[EventDate "2000.06.??"]
[EventType "swiss"]
[EventRounds "9"]
[EventCountry "RUS"]
[SourceTitle "EXT 2001"]
[Source "ChessBase"]
[SourceDate "2000.11.22"]
[SourceVersion "1"]
[SourceVersionDate "2000.11.22"]
[SourceQuality "1"]

1. e4 Nf6 2. e5 Nd5 3. d4 d6 4. Nf3 Bg4 5. Be2 e6 6. 0-0 Be7 7. h3 Bh5 8. c4 Nb6 9. Nc3 0-0 10. Be3 Nc6 11. exd6 cxd6 12. d5 exd5 13. Nxd5 Nxd5 14. Qxd5 Bg6 15. Nd4 Bf6 16. Nxc6 bxc6 17. Qxc6 Bxb2 18. Rad1 Qa5 19. Qxd6 Qxa2 20. Bf3 Rac8 21. c5 a5 22. c6 Qe6 23. Qd2 Qe5 24. Bf4 Qb5 25. Rb1 Bxb1 26. Rxb1 Qa4 27. Rxb2 Rfd8 28. Qxd8+ Rxd8 29. c7 1-0